عرض عادي
عرض مارك
- Smuggling
دخول Topical Term
001 - CONTROL NUMBER
- control field: 16203
003 - CONTROL NUMBER IDENTIFIER
- control field: AE-AdECS
005 - DATE AND TIME OF LATEST TRANSACTION
- control field: 20250520113723.0
008 - FIXED-LENGTH DATA ELEMENTS
- fixed length control field: 250520|| aca||aabn | a|a d
040 ## - CATALOGING SOURCE
- Original cataloging agency: AE-AdECS
- Transcribing agency: AE-AdECS
150 ## - HEADING--TOPICAL TERM
- Topical term or geographic name entry element: Smuggling
- General subdivision: Law and legislation
- Geographic subdivision: European Union countries
670 ## - SOURCE DATA FOUND
- Source citation: Work cat.: (AE-AdECS)290742: Combatting illicit trade on the EU border :
